Основы теории второго иностранного языка (английский язык): учебное пособие для вузов

Detaylı Bibliyografya
Müşterek Yazar: Национальный исследовательский Томский политехнический университет (ТПУ)
Diğer Yazarlar: Абдрашитова М. О. Мария Овсеевна (составитель), Кокшарова Н. Ф. Наталья Фаритовна, Комиссарова О. В. Ольга Валентиновна, Мымрина Д. Ф. Дина Федоровна
Özet:Пособие состоит из четырех тематических частей: «История английского языка», «Лексикология английского языка», «Стилистика английского языка» и «Теоретическая грамматика английского языка». Каждая часть включает теоретический материал, вопросы для самоконтроля и практические задания, направленные на закрепление теоретического материала по представленной тематике. Пособие предназначено для студентов, обучающихся по специальности «Перевод и переводоведение», изучающих английский язык как второй ино­странный, студентов вузов гуманитарного профиля, филологических факуль­тетов, и может быть использовано при организации как аудиторной, так и са­мостоятельной работы.
Dil:Rusça
İngilizce
Baskı/Yayın Bilgisi: Томск, Изд-во ТПУ, 2015
Konular:
Materyal Türü: Kitap
KOHA link:https://koha.lib.tpu.ru/cgi-bin/koha/opac-detail.pl?biblionumber=302156

MARC

LEADER 00000nam0a2200000 4500
001 302156
005 20231102001456.0
035 |a (RuTPU)RU\TPU\book\327353 
090 |a 302156 
100 |a 20150819d2015 m y0rusy50 ca 
101 0 |a rus  |a eng 
102 |a RU 
105 |a a j 001zy 
200 1 |a Основы теории второго иностранного языка (английский язык)  |d Basics of the Second Foreign Language Theory (The English Language)  |e учебное пособие для вузов  |f Национальный исследовательский Томский политехнический университет (ТПУ) ; сост. : М. О. Абдрашитова, Н. Ф. Кокшарова, О. В. Комиссарова, Д. Ф. Мымрина 
210 |a Томск  |c Изд-во ТПУ  |d 2015 
215 |a 158 с.  |c ил. 
320 |a Библиогр.: с. 156-158. 
330 |a Пособие состоит из четырех тематических частей: «История английского языка», «Лексикология английского языка», «Стилистика английского языка» и «Теоретическая грамматика английского языка». Каждая часть включает теоретический материал, вопросы для самоконтроля и практические задания, направленные на закрепление теоретического материала по представленной тематике. Пособие предназначено для студентов, обучающихся по специальности «Перевод и переводоведение», изучающих английский язык как второй ино­странный, студентов вузов гуманитарного профиля, филологических факуль­тетов, и может быть использовано при организации как аудиторной, так и са­мостоятельной работы. 
510 1 |a Basics of the Second Foreign Language Theory (The English Language)  |z eng 
606 1 |a Английский язык  |x Учебные руководства и пособия  |x Учебные руководства и пособия для высшей школы  |2 stltpush  |3 (RuTPU)RU\TPU\subj\29071  |9 52483 
610 1 |a труды учёных ТПУ 
610 1 |a иностранные языки 
610 1 |a второй иностранный язык 
610 1 |a изучение 
610 1 |a преподавание 
610 1 |a теория 
610 1 |a история 
610 1 |a лексикология 
610 1 |a стилистика 
610 1 |a грамматика 
610 1 |a упражнения 
610 1 |a учебные пособия 
686 |a Ш143.21-923  |v LBC/SL-A  |2 rubbk 
702 1 |a Абдрашитова  |b М. О.  |c лингвист  |c доцент Томского политехнического университета, кандидат филологических наук  |f 1980-  |g Мария Овсеевна  |2 stltpush  |3 (RuTPU)RU\TPU\pers\32369  |4 220 
702 1 |a Кокшарова  |b Н. Ф.  |c лингвист  |c старший преподаватель Томского политехнического университета  |f 1973-  |g Наталья Фаритовна  |2 stltpush  |3 (RuTPU)RU\TPU\pers\28038  |4 220 
702 1 |a Комиссарова  |b О. В.  |c лингвист  |c доцент Томского политехнического университета  |f 1972-  |g Ольга Валентиновна  |2 stltpush  |3 (RuTPU)RU\TPU\pers\27246  |4 220 
702 1 |a Мымрина  |b Д. Ф.  |c лингвист  |c доцент Томского политехнического университета, кандидат филологических наук  |f 1979-  |g Дина Федоровна  |2 stltpush  |3 (RuTPU)RU\TPU\pers\29509  |4 220 
712 0 2 |a Национальный исследовательский Томский политехнический университет (ТПУ)  |c (2009- )  |2 stltpush  |3 (RuTPU)RU\TPU\col\15902 
801 1 |a RU  |b 63413507  |c 20150819 
801 2 |a RU  |b 63413507  |c 20150902  |g RCR 
900 |a Иностранный язык 
942 |c BK